| 000 | 00594nam a22002057a 4500 | ||
|---|---|---|---|
| 003 | OSt | ||
| 005 | 20240708150418.0 | ||
| 008 | 191206b ||||| |||| 00| 0 eng d | ||
| 020 | _a0201716186 | ||
| 040 |
_cMUST LIB _aMUST _dMUST |
||
| 082 |
_a330 _222 _bROG |
||
| 100 |
_aRoger, LeRoy Miller...( et..al) _913125 |
||
| 245 |
_aEconomics Today: _bThe micro View/ _cRoger, LeRoy Miller.(et...al) |
||
| 250 | _a2nd. | ||
| 260 |
_bAddison-Wesley _c2001 |
||
| 300 |
_axxi, 488 p. _bCol.ill: _c26cm |
||
| 504 | _aAnswers, Glossary, & Index included | ||
| 650 |
_aEconomics _9975 |
||
| 942 |
_2ddc _cO_SHELF |
||
| 999 |
_c6400 _d6400 |
||